| 000 | 01175cam a22003018i 4500 | ||
|---|---|---|---|
| 999 |
_c57762 _d57762 |
||
| 001 | 20702521 | ||
| 005 | 20201105131758.0 | ||
| 008 | 181005s2019 enk b 001 0 eng c | ||
| 010 | _a 2018042344 | ||
| 020 | _a9781138121294 (pbk. : alk. paper) | ||
| 041 | _aeng | ||
| 080 | _a338.488 M-31 | ||
| 245 | 1 | 0 |
_aMarketing for tourism and hospitality : _bcollaboration, technology and experiences / _cAlan Fyall, Patrick Legohérel, Isabelle Frochot and Youcheng Wang. |
| 264 | 1 |
_aNew York, NY : _bRoutledge, _c2019. |
|
| 300 |
_a594 pages _b25 cm |
||
| 650 | 0 |
_aTourism _xMarketing. _99707 |
|
| 650 | 0 |
_aHospitality industry _xMarketing. _99708 |
|
| 653 | _aტურიზმი | ||
| 653 | _aმარკეტინგი | ||
| 653 | _aსტუმართმოყვარეობის ინდუსტრია | ||
| 653 | _aეკონომიკა | ||
| 700 | 1 |
_aFyall, Alan _eავტორი _99709 |
|
| 700 | 1 |
_aLegohérel, Patrick, _eავტორი _99710 |
|
| 700 | 1 |
_aFrochot, Isabelle, _eავტორი _99711 |
|
| 700 | 1 |
_aWang, Youcheng., _eავტორი _99712 |
|
| 942 |
_2udc _cBK |
||
| 955 |
_aLBSOR _are01 2018-10-12 reviewed |
||